[Event "Leiden Noteboom op 83rd"]
[Site "Leiden"]
[Date "2024.02.17"]
[Round "2"]
[White "Van den Doel, Erik"]
[Black "Kazarjan, Gachatur"]
[Result "1-0"]
[WhiteElo "2552"]
[BlackElo "2172"]
[PlyCount "49"]
[EventDate "2024.02.16"]
[EventType "swiss"]
[EventRounds "6"]
[EventCountry "NED"]
[SourceTitle "CB08_2024"]
[SourceDate "2024.02.21"]
[SourceVersion "1"]
[SourceVersionDate "2024.02.21"]
[SourceQuality "1"]

1. d4 d5 2. Nf3 e6 3. e3 Bd6 4. Bd3 Nf6 5. Nbd2 Nbd7 6. c4 c5 7. 0-0 0-0 8. b3 Re8 9. Bb2 e5 10. dxe5 Nxe5 11. Nxe5 Bxe5 12. Bxe5 Rxe5 13. Qc2 Rh5 14. Rfe1 Qd6 15. f4 d4 16. Ne4 Nxe4 17. Bxe4 Bd7 18. Bxb7 Re8 19. Qf2 Qh6 20. h3 Re6 21. exd4 Rg6 22. Qe3 Be6 23. f5 Qxe3+ 24. Rxe3 cxd4 25. Rxe6 1-0

[Event "Bundesliga 2324"]
[Site "Germany"]
[Date "2023.12.02"]
[Round "3.4"]
[White "Van den Doel, Erik"]
[Black "Polak, Tomas"]
[Result "1/2-1/2"]
[WhiteElo "2550"]
[BlackElo "2518"]
[PlyCount "45"]
[EventDate "2023.10.21"]
[EventType "team-tourn"]
[EventRounds "15"]
[EventCountry "GER"]
[SourceTitle "CB49_2023"]
[SourceDate "2023.12.06"]
[SourceVersion "1"]
[SourceVersionDate "2023.12.06"]
[SourceQuality "1"]
[WhiteTeam "Oetigheim"]
[BlackTeam "Heimbach Weis Neuwied"]
[WhiteTeamCountry "GER"]
[BlackTeamCountry "GER"]

1. d4 Nf6 2. Nf3 b6 3. Bg5 Bb7 4. Nbd2 e6 5. e4 h6 6. Bxf6 Qxf6 7. Bd3 c5 8. c3 cxd4 9. cxd4 Nc6 10. e5 Qd8 11. 0-0 Nb4 12. Be4 Nd5 13. g3 Be7 14. Qe2 0-0 15. a3 Rc8 16. Rfe1 Rc7 17. Rad1 Qa8 18. Bb1 a5 19. h4 Qa6 20. Bd3 Qa8 21. Bb1 Qa6 22. Bd3 Qa8 23. Bb1 1/2-1/2

[Event "Dieren op"]
[Site "Dieren"]
[Date "2023.07.28"]
[Round "4"]
[White "Van den Doel, Erik"]
[Black "Slagboom, Leandro"]
[Result "1/2-1/2"]
[WhiteElo "2576"]
[BlackElo "2270"]
[PlyCount "70"]
[EventDate "2023.07.25"]
[EventType "swiss"]
[EventRounds "9"]
[EventCountry "NED"]
[SourceTitle "CBM 215 Extra"]
[Source "ChessBase"]
[SourceDate "2023.09.30"]
[SourceVersion "1"]
[SourceVersionDate "2023.09.30"]
[SourceQuality "1"]

1. e4 e5 2. Nf3 Nc6 3. Bc4 Bc5 4. c3 Nf6 5. d3 d6 6. 0-0 a5 7. Re1 0-0 8. h3 h6 9. d4 Ba7 10. Bb3 Re8 11. Bc2 a4 12. Be3 d5 13. dxe5 dxe4 14. exf6 Qxd1 15. Bxd1 exf3 16. Bxf3 Bxe3 17. Rxe3 Rxe3 18. fxe3 Ne5 19. Be2 gxf6 20. Na3 Be6 21. Kf2 Rd8 22. Ke1 Rd6 23. Nb5 Rb6 24. b3 axb3 25. axb3 Bxb3 26. Nxc7 Bc4 27. Bxc4 Nxc4 28. Nd5 Rb2 29. Kf1 Kg7 30. Rd1 b5 31. Rd4 f5 32. Kg1 Re2 33. Rf4 Nxe3 34. Nxe3 Rxe3 35. Rxf5 Rxc3 1/2-1/2

[Event "Helmond Rapid op"]
[Site "Helmond"]
[Date "2023.06.10"]
[Round "8"]
[White "Kevlishvili, Robby"]
[Black "Van den Doel, Erik"]
[Result "0-1"]
[WhiteElo "2539"]
[BlackElo "2576"]
[PlyCount "118"]
[EventDate "2023.06.10"]
[EventType "swiss (rapid)"]
[EventRounds "9"]
[EventCountry "NED"]
[SourceTitle "CBM 214 Extra"]
[Source "ChessBase"]
[SourceDate "2023.07.31"]
[SourceVersion "1"]
[SourceVersionDate "2023.07.31"]
[SourceQuality "1"]

1. e4 e5 2. Nf3 Nc6 3. Bb5 a6 4. Ba4 Nf6 5. 0-0 Be7 6. Re1 b5 7. Bb3 0-0 8. d3 d6 9. a3 Na5 10. Ba2 c5 11. Nc3 Be6 12. b4 Nc6 13. Bxe6 fxe6 14. Rb1 Rc8 15. Bd2 Qc7 16. Ne2 Nd4 17. Nfxd4 cxd4 18. Rc1 Qd7 19. h3 Rc6 20. c3 dxc3 21. Rxc3 Rxc3 22. Nxc3 Rc8 23. Qb3 Kf7 24. Be3 h6 25. Rd1 Qc6 26. Rc1 Qb7 27. Ne2 Rxc1+ 28. Nxc1 Qc6 29. Qb2 Nd7 30. Nb3 Bd8 31. Qe2 Nf6 32. Qd2 Nd7 33. Qb2 Bb6 34. Bxb6 Nxb6 35. Na5 Qc7 36. Kh2 Na4 37. Qe2 Qc1 38. Qh5+ g6 39. Qf3+ Qf4+ 40. Qxf4+ exf4 41. Nc6 Ke8 42. g3 fxg3+ 43. Kxg3 Kd7 44. Nd4 Nb2 45. Kf3 Nxd3 46. Ke3 Ne5 47. f4 Nc4+ 48. Kd3 Nxa3 49. Nf3 Nc4 50. Nh4 g5 51. Ng2 a5 52. bxa5 Nxa5 53. fxg5 hxg5 54. Ne1 Nc6 55. Kc3 Ke7 56. Nf3 Kf6 57. Nh2 Ke5 58. Kd3 Kf4 59. Ng4 Ne5+ 0-1

[Event "Helmond Rapid op"]
[Site "Helmond"]
[Date "2023.06.10"]
[Round "9"]
[White "Van den Doel, Erik"]
[Black "Warmerdam, Max"]
[Result "0-1"]
[WhiteElo "2576"]
[BlackElo "2602"]
[PlyCount "48"]
[EventDate "2023.06.10"]
[EventType "swiss (rapid)"]
[EventRounds "9"]
[EventCountry "NED"]
[SourceTitle "CBM 214 Extra"]
[Source "ChessBase"]
[SourceDate "2023.07.31"]
[SourceVersion "1"]
[SourceVersionDate "2023.07.31"]
[SourceQuality "1"]

1. d4 Nf6 2. Nf3 g6 3. Bg5 Bg7 4. Nbd2 d5 5. e3 Bf5 6. c4 c5 7. cxd5 0-0 8. Bc4 Ne4 9. Nxe4 Bxe4 10. 0-0 h6 11. Bh4 g5 12. Bg3 Bxd5 13. Bxd5 Qxd5 14. Be5 Bxe5 15. Nxe5 cxd4 16. exd4 Nc6 17. Nxc6 Qxc6 18. Re1 Qf6 19. Qb3 b6 20. Qb4 e6 21. Re5 Rac8 22. Qa4 Rc7 23. Rae1 Rfc8 24. d5 Qxe5 0-1

[Event "Maastricht Limburg op 15th"]
[Site "Maastricht"]
[Date "2023.05.29"]
[Round "7"]
[White "Baselmans, Luuk"]
[Black "Van den Doel, Erik"]
[Result "0-1"]
[WhiteElo "2340"]
[BlackElo "2584"]
[PlyCount "80"]
[EventDate "2023.05.26"]
[EventType "swiss"]
[EventRounds "7"]
[EventCountry "NED"]
[SourceTitle "CBM 214 Extra"]
[Source "ChessBase"]
[SourceDate "2023.07.31"]
[SourceVersion "1"]
[SourceVersionDate "2023.07.31"]
[SourceQuality "1"]

1. e4 c5 2. Nf3 Nc6 3. Bb5 d6 4. 0-0 Bd7 5. Re1 Nf6 6. c3 a6 7. Bf1 Bg4 8. d4 cxd4 9. cxd4 e5 10. d5 Nd4 11. Be3 Nd7 12. Bxd4 exd4 13. Nbd2 Ne5 14. Qa4+ b5 15. Qxd4 Bxf3 16. Nxf3 Nxf3+ 17. gxf3 Qg5+ 18. Kh1 Be7 19. Qe3 Qh4 20. f4 0-0 21. Bh3 Bf6 22. Re2 g6 23. Qg3 Qh6 24. Bd7 Rad8 25. Bc6 Bh4 26. Qf3 f6 27. a4 bxa4 28. Rxa4 g5 29. f5 g4 30. Qxg4+ Kh8 31. f4 Rg8 32. Qf3 Bg3 33. Ra3 Bxf4 34. Qh3 Qg7 35. Rg2 Qe7 36. Re2 Rg5 37. Rxa6 Rdg8 38. Qf1 Bxh2 39. Ra8 Rxa8 40. Bxa8 Rg1+ 0-1

[Event "Utrecht OKU op 48th"]
[Site "Utrecht"]
[Date "2023.05.20"]
[Round "3"]
[White "Van den Doel, Erik"]
[Black "Ratsma, Midas"]
[Result "1-0"]
[WhiteElo "2584"]
[BlackElo "2243"]
[PlyCount "85"]
[EventDate "2023.05.19"]
[EventType "swiss"]
[EventRounds "6"]
[EventCountry "NED"]
[SourceTitle "CBM 214 Extra"]
[Source "ChessBase"]
[SourceDate "2023.07.31"]
[SourceVersion "1"]
[SourceVersionDate "2023.07.31"]
[SourceQuality "1"]

1. d4 Nf6 2. Nf3 d5 3. g3 c5 4. Bg2 cxd4 5. 0-0 h6 6. b3 Nc6 7. Nxd4 e5 8. Nxc6 bxc6 9. c4 Be7 10. Bb2 e4 11. cxd5 cxd5 12. Bd4 0-0 13. Nc3 Be6 14. Qd2 Qd7 15. Rfd1 Rfd8 16. Na4 Qb5 17. Rac1 Nd7 18. Qb2 f6 19. f3 exf3 20. exf3 Bf7 21. Bf1 Qb7 22. Qe2 Ba3 23. Rc3 Bb4 24. Re3 Rac8 25. Qb5 Qxb5 26. Bxb5 Rc2 27. Re2 Rxe2 28. Bxe2 Rc8 29. Bd3 Ne5 30. Bf5 Rc7 31. Kf2 Kf8 32. h3 Ke7 33. f4 Nd7 34. Bb1 Kd6 35. Kf3 Nf8 36. Bb2 Ke7 37. a3 Bd6 38. Nc3 d4 39. Nb5 Bd5+ 40. Be4 Rc2 41. Bxd4 Bxe4+ 42. Kxe4 Bc5 43. Kd3 1-0

[Event "Utrecht OKU op 48th"]
[Site "Utrecht"]
[Date "2023.05.19"]
[Round "2"]
[White "Smeets, Kobe"]
[Black "Van den Doel, Erik"]
[Result "0-1"]
[WhiteElo "2104"]
[BlackElo "2584"]
[PlyCount "126"]
[EventDate "2023.05.19"]
[EventType "swiss"]
[EventRounds "6"]
[EventCountry "NED"]
[SourceTitle "CBM 214 Extra"]
[Source "ChessBase"]
[SourceDate "2023.07.31"]
[SourceVersion "1"]
[SourceVersionDate "2023.07.31"]
[SourceQuality "1"]

1. e4 e6 2. d4 d5 3. Nd2 a6 4. Ngf3 c5 5. exd5 exd5 6. Be2 Nc6 7. 0-0 Nf6 8. Re1 Be6 9. dxc5 Bxc5 10. Nb3 Bb6 11. Nfd4 0-0 12. Bf3 Bd7 13. Bf4 Re8 14. Qd3 Bg4 15. Bxg4 Nxg4 16. Rxe8+ Qxe8 17. Rd1 Nge5 18. Qg3 Ng6 19. Be3 Nce5 20. Nf5 Bc7 21. Nbd4 Qd7 22. Qh3 Kh8 23. b3 Re8 24. Qh5 b5 25. g3 f6 26. Re1 Nf7 27. Qd1 Nge5 28. f4 Nc6 29. Bf2 Re4 30. Nxc6 Qxf5 31. Ne7 Rxe1+ 32. Bxe1 Bb6+ 33. Bf2 Bxf2+ 34. Kxf2 Qd7 35. Nxd5 Nh6 36. Ne3 Qe8 37. Qd5 Qc8 38. c4 bxc4 39. bxc4 Ng8 40. c5 Ne7 41. Qd6 Nc6 42. Nd5 h5 43. Nb6 Qe8 44. Qd5 Nb4 45. Qc4 Nc6 46. Nd5 h4 47. Nc7 Qd7 48. Nxa6 h3 49. a3 Qd2+ 50. Qe2 Qd4+ 51. Kf1 Qd5 52. Ke1 Nd4 53. Qe8+ Kh7 54. Qb8 Qg2 55. Qb1+ Kh6 56. Qd3 Nf3+ 57. Kd1 Qg1+ 58. Ke2 Nxh2 59. Qe3 Qf1+ 60. Kd2 Nf3+ 61. Kc3 h2 62. f5+ Ng5 63. Qe8 Qxf5 0-1

[Event "Utrecht OKU op 48th"]
[Site "Utrecht"]
[Date "2023.05.19"]
[Round "1"]
[White "Van den Doel, Erik"]
[Black "Van Esterik, Erik"]
[Result "1-0"]
[WhiteElo "2584"]
[BlackElo "2013"]
[PlyCount "73"]
[EventDate "2023.05.19"]
[EventType "swiss"]
[EventRounds "6"]
[EventCountry "NED"]
[SourceTitle "CBM 214 Extra"]
[Source "ChessBase"]
[SourceDate "2023.07.31"]
[SourceVersion "1"]
[SourceVersionDate "2023.07.31"]
[SourceQuality "1"]

1. d4 Nf6 2. Nf3 d5 3. c4 c6 4. Qb3 dxc4 5. Qxc4 Bf5 6. g3 e6 7. Bg2 Nbd7 8. 0-0 Be7 9. Qb3 Qb6 10. Nbd2 0-0 11. Nc4 Qxb3 12. axb3 Be4 13. Bf4 Rfc8 14. Bd6 Kf8 15. Bxe7+ Kxe7 16. Ncd2 Bd5 17. Rfe1 Ne4 18. Nxe4 Bxe4 19. b4 Rd8 20. e3 Nb6 21. Ne5 Bxg2 22. Kxg2 Rd5 23. Rec1 Rb5 24. Nd3 Nd5 25. Ra4 a5 26. Rca1 b6 27. bxa5 Raxa5 28. Rxa5 bxa5 29. Ne5 Rxb2 30. Kf3 Nb4 31. Rxa5 f6 32. Ra7+ Ke8 33. Nc4 Rc2 34. Nd6+ Kf8 35. Rf7+ Kg8 36. Rb7 Nd3 37. Rb8# 1-0

[Event "BL2-Sued 2223"]
[Site "Germany"]
[Date "2023.03.18"]
[Round "9.2"]
[White "Van den Doel, Erik"]
[Black "Kantans, Toms"]
[Result "1/2-1/2"]
[WhiteElo "2577"]
[BlackElo "2514"]
[PlyCount "87"]
[EventDate "2022.10.22"]
[EventType "team-tourn"]
[EventRounds "9"]
[EventCountry "GER"]
[SourceTitle "EXT 2024"]
[Source "ChessBase"]
[SourceDate "2023.10.10"]
[SourceVersion "1"]
[SourceVersionDate "2023.10.10"]
[SourceQuality "1"]
[WhiteTeam "Oetigheim"]
[BlackTeam "Speyer Schwegenheim"]
[WhiteTeamCountry "GER"]
[BlackTeamCountry "GER"]

1. e4 c5 2. Nf3 d6 3. c3 Nf6 4. h3 Nc6 5. Bd3 g6 6. Bc2 Bg7 7. 0-0 0-0 8. d3 b5 9. a3 e5 10. Be3 Bb7 11. Re1 Re8 12. Nbd2 Rc8 13. Qb1 a6 14. b4 cxb4 15. axb4 d5 16. Nb3 dxe4 17. dxe4 Nd7 18. Rd1 Qc7 19. Ne1 Nd8 20. Na5 Ba8 21. Nb3 Bb7 22. Na5 Ba8 23. Nb3 Re6 24. Nd3 Bxe4 25. Ndc5 Nxc5 26. Nxc5 Bxc2 27. Qxc2 Rd6 28. Rxd6 Qxd6 29. Rxa6 Qd5 30. Qe2 e4 31. Qxb5 Ne6 32. Qa4 Nxc5 33. bxc5 Bxc3 34. Rd6 Qb7 35. Qd1 h5 36. Rb6 Qa8 37. c6 Rxc6 38. Rxc6 Qxc6 39. Qc2 Qf6 40. Qxe4 Qe5 41. Qc4 Bb2 42. g4 hxg4 43. hxg4 Qe6 44. Qxe6 1/2-1/2

[Event "BL2-Sued 2223"]
[Site "Germany"]
[Date "2023.02.25"]
[Round "7.2"]
[White "Ikonnikov, Vyacheslav"]
[Black "Van den Doel, Erik"]
[Result "0-1"]
[WhiteElo "2480"]
[BlackElo "2577"]
[PlyCount "114"]
[EventDate "2022.10.22"]
[EventType "team-tourn"]
[EventRounds "9"]
[EventCountry "GER"]
[SourceTitle "EXT 2024"]
[Source "ChessBase"]
[SourceDate "2023.10.10"]
[SourceVersion "1"]
[SourceVersionDate "2023.10.10"]
[SourceQuality "1"]
[WhiteTeam "Bad Mergentheim"]
[BlackTeam "Oetigheim"]
[WhiteTeamCountry "GER"]
[BlackTeamCountry "GER"]

1. d4 d5 2. Nf3 Nf6 3. c4 c6 4. Qc2 dxc4 5. Qxc4 Bf5 6. g3 e6 7. Bg2 Be7 8. 0-0 0-0 9. Qb3 Qb6 10. Nbd2 Rd8 11. Nc4 Qa6 12. Bg5 Nbd7 13. Nh4 Bg4 14. f3 Bh5 15. g4 Bg6 16. Nxg6 hxg6 17. f4 Nb6 18. Nxb6 Qxb6 19. e3 Qxb3 20. axb3 Kf8 21. Bxf6 gxf6 22. Rac1 Kg7 23. Kf2 Rh8 24. h3 f5 25. Rh1 a5 26. Ra1 Ra6 27. Rhc1 Rb6 28. Rxa5 Rxb3 29. Ra2 Bb4 30. Rc2 fxg4 31. hxg4 g5 32. fxg5 Kg6 33. Kf3 Kxg5 34. Bf1 Rh1 35. Kg2 Rh6 36. Ra4 Bd6 37. Ra5+ Kh4 38. Be2 Rxe3 39. Bf3 e5 40. dxe5 Bxe5 41. Rc1 Rf6 42. Rf1 Rf4 43. b3 Rd4 44. Kf2 Rdd3 45. Rh1+ Kg5 46. Be2 Rc3 47. Rh5+ Kf6 48. Rf5+ Ke6 49. Bc4+ Kd6 50. Ra2 Bd4 51. Rd2 Re4+ 52. Kg2 Rxg4+ 53. Kh2 b5 54. Bxf7 Kc7 55. Rh5 Bg1+ 56. Kh1 Rc1 57. Re2 Be3+ 0-1

[Event "NED-ch"]
[Site "Groningen"]
[Date "2022.12.23"]
[Round "2.1"]
[White "Pruijssers, Roeland"]
[Black "Van den Doel, Erik"]
[Result "1-0"]
[WhiteElo "2538"]
[BlackElo "2582"]
[PlyCount "97"]
[EventDate "2022.12.21"]
[EventType "k.o."]
[EventRounds "4"]
[EventCountry "NED"]
[SourceTitle "CBM 211 Extra"]
[Source "ChessBase"]
[SourceDate "2023.01.31"]
[SourceVersion "1"]
[SourceVersionDate "2023.01.31"]
[SourceQuality "1"]

1. e4 e5 2. Nf3 Nc6 3. Bc4 Bc5 4. 0-0 Nf6 5. d3 d6 6. c3 a6 7. a4 0-0 8. h3 Ba7 9. Re1 h6 10. Nbd2 Ne7 11. d4 Nc6 12. dxe5 Nxe5 13. Nxe5 dxe5 14. Qe2 Re8 15. Nf1 Be6 16. Ng3 Qd7 17. Bxe6 Qxe6 18. Qc2 Rad8 19. Be3 Bxe3 20. Rxe3 Rd7 21. Rd1 Red8 22. Red3 g6 23. Rxd7 Rxd7 24. Rxd7 Qxd7 25. Nf1 Kg7 26. Kh2 b5 27. axb5 axb5 28. b4 c5 29. bxc5 Qc6 30. f3 Qxc5 31. Qd2 Nh5 32. g3 Nf6 33. Ne3 Nd7 34. Kg2 Nf6 35. h4 Qc6 36. Kf2 h5 37. Ke2 Qa6 38. Qd3 Qa2+ 39. Qd2 Qa6 40. Ke1 Qa1+ 41. Nd1 Qa7 42. Ke2 Qa6 43. Kf2 Qc6 44. Ne3 Qb6 45. Qd1 Qc5 46. Qd8 Qa3 47. Qc7 Qb2+ 48. Ke1 Qg2 49. Nxg2 1-0

[Event "Vlissingen HZ op 24th"]
[Site "Vlissingen"]
[Date "2022.08.10"]
[Round "6"]
[White "Ikonnikov, Vyacheslav"]
[Black "Van den Doel, Erik"]
[Result "1/2-1/2"]
[WhiteElo "2493"]
[BlackElo "2591"]
[PlyCount "90"]
[EventDate "2022.08.06"]
[EventType "swiss"]
[EventRounds "9"]
[EventCountry "NED"]
[SourceTitle "CBM 209 Extra"]
[Source "ChessBase"]
[SourceDate "2022.09.30"]
[SourceVersion "1"]
[SourceVersionDate "2022.09.30"]
[SourceQuality "1"]

1. d4 d5 2. Nf3 Nf6 3. c4 c6 4. Qb3 dxc4 5. Qxc4 Bf5 6. g3 e6 7. Bg2 Be7 8. 0-0 0-0 9. e3 Nbd7 10. Qe2 Rc8 11. Nc3 b5 12. e4 Bg6 13. e5 Ne8 14. Rd1 Nc7 15. Ne1 b4 16. Ne4 Nd5 17. h4 h6 18. Nd3 c5 19. Nexc5 Nxc5 20. dxc5 Bxc5 21. Nxc5 Rxc5 22. Be3 Rc2 23. Qa6 Rxb2 24. Rac1 Bh5 25. Bd4 Bxd1 26. Bxb2 Bh5 27. Qxa7 Qa8 28. Qd4 Qxa2 29. g4 Bg6 30. Bxd5 Qxd5 31. Qxd5 exd5 32. Rc7 d4 33. h5 Be4 34. e6 Bf3 35. e7 Re8 36. Rd7 b3 37. Rd8 Bc6 38. Bxd4 f6 39. Bb2 Kf7 40. Ba3 Bf3 41. Rd4 b2 42. Bxb2 Rxe7 43. Rf4 Re1+ 44. Kh2 Bd5 45. Bd4 Re4 1/2-1/2

[Event "Vlissingen HZ op 24th"]
[Site "Vlissingen"]
[Date "2022.08.07"]
[Round "2"]
[White "Gijsen, William"]
[Black "Van den Doel, Erik"]
[Result "0-1"]
[WhiteElo "2079"]
[BlackElo "2591"]
[PlyCount "62"]
[EventDate "2022.08.06"]
[EventType "swiss"]
[EventRounds "9"]
[EventCountry "NED"]
[SourceTitle "CBM 209 Extra"]
[Source "ChessBase"]
[SourceDate "2022.09.30"]
[SourceVersion "1"]
[SourceVersionDate "2022.09.30"]
[SourceQuality "1"]

1. e4 e5 2. Nc3 Nf6 3. f4 d5 4. fxe5 Nxe4 5. Qf3 Nxc3 6. bxc3 c5 7. Qg3 Nc6 8. Nf3 h6 9. Bb5 Qb6 10. a4 a6 11. Be2 c4 12. d4 cxd3 13. Bxd3 Be6 14. a5 Qc5 15. Bd2 g5 16. Rb1 0-0-0 17. Nd4 Nxd4 18. cxd4 Qxd4 19. Rb3 Bc5 20. Bc3 Qe3+ 21. Qxe3 Bxe3 22. Rb1 Rhe8 23. h3 d4 24. Bb4 Ba2 25. Rb2 Bd5 26. Bd6 Rxd6 27. Bf5+ Rd7 28. Bxd7+ Kxd7 29. Rf1 Rxe5 30. Kd1 f5 31. Rb6 Bxg2 0-1

[Event "Ghent op 43rd"]
[Site "Ghent"]
[Date "2022.07.22"]
[Round "6"]
[White "Van den Doel, Erik"]
[Black "Flom, Gabriel"]
[Result "0-1"]
[WhiteElo "2589"]
[BlackElo "2410"]
[PlyCount "148"]
[EventDate "2022.07.20"]
[EventType "swiss"]
[EventRounds "9"]
[EventCountry "BEL"]
[SourceTitle "CBM 209 Extra"]
[Source "ChessBase"]
[SourceDate "2022.09.30"]
[SourceVersion "1"]
[SourceVersionDate "2022.09.30"]
[SourceQuality "1"]

1. e4 c6 2. d4 d5 3. exd5 cxd5 4. c4 Nf6 5. Nc3 Nc6 6. Nf3 Bg4 7. Be3 e6 8. c5 Bxf3 9. Qxf3 g6 10. Bb5 Bg7 11. 0-0 0-0 12. Rfd1 Nd7 13. Qg3 Rc8 14. Rab1 a6 15. Bf1 Ne7 16. b4 Nf5 17. Qh3 a5 18. a3 axb4 19. axb4 Ra8 20. Nb5 Nb8 21. Bd3 Nxe3 22. fxe3 Nc6 23. Nd6 Qe7 24. Bb5 e5 25. dxe5 Nxe5 26. Rxd5 Ra3 27. Bc4 Nxc4 28. Nxc4 Qe4 29. Nxa3 Qxd5 30. e4 Qxe4 31. Qf3 Qd4+ 32. Kh1 Re8 33. h3 Re7 34. Nb5 Qd2 35. Qd1 Qf2 36. Qd8+ Bf8 37. Qd1 Bg7 38. Qd8+ Bf8 39. Qd1 Re4 40. Nc3 Rd4 41. Qg1 Qxg1+ 42. Rxg1 Rxb4 43. Nd5 Rb5 44. Nf6+ Kh8 45. Rd1 Bxc5 46. Rd7 Kg7 47. Ng4 Ba7 48. Rd1 h5 49. Nh2 h4 50. Ng4 Rb2 51. Ne5 Bb8 52. Nd3 Rb5 53. Kg1 Rf5 54. Nb4 Rf4 55. Nd3 Ba7+ 56. Kh2 Rd4 57. g4 Re4 58. Rb1 Re2+ 59. Kh1 Re3 60. Nf2 Rf3 61. Ne4 Rxh3+ 62. Kg2 Re3 63. Ng5 Re2+ 64. Kh3 Bb8 65. Nf3 Re3 66. Rf1 g5 67. Kg2 Re2+ 68. Kh1 Bf4 69. Nd4 Rb2 70. Nf5+ Kh7 71. Rf3 b5 72. Ra3 b4 73. Ra7 h3 74. Ne3 Rb1+ 0-1

[Event "Ghent op 43rd"]
[Site "Ghent"]
[Date "2022.07.21"]
[Round "4"]
[White "Van den Doel, Erik"]
[Black "Lammens, Tim"]
[Result "1/2-1/2"]
[WhiteElo "2589"]
[BlackElo "2255"]
[PlyCount "89"]
[EventDate "2022.07.20"]
[EventType "swiss"]
[EventRounds "9"]
[EventCountry "BEL"]
[SourceTitle "CBM 209 Extra"]
[Source "ChessBase"]
[SourceDate "2022.09.30"]
[SourceVersion "1"]
[SourceVersionDate "2022.09.30"]
[SourceQuality "1"]

1. Nf3 d5 2. g3 g6 3. Bg2 Bg7 4. d4 c6 5. 0-0 Nf6 6. b3 0-0 7. Bb2 Ne4 8. c4 a5 9. Nc3 Bf5 10. Nh4 Nxc3 11. Bxc3 Be6 12. Qd3 Na6 13. cxd5 Bxd5 14. e4 Be6 15. Rfd1 Qb6 16. d5 Bxc3 17. Qxc3 cxd5 18. exd5 Bd7 19. Re1 Qd6 20. Nf3 Nb4 21. Ne5 Bb5 22. Nc4 Bxc4 23. bxc4 b6 24. a3 Na6 25. h4 h5 26. Rab1 Nc5 27. Re3 Ra7 28. Rbe1 Rc7 29. f4 Rfc8 30. Bh3 f5 31. Bg2 Ne4 32. Rxe4 fxe4 33. Rxe4 Qxd5 34. Kh2 Qf5 35. Qe3 Qc5 36. Qe2 Rd8 37. Re6 Rd6 38. Rxe7 Rxe7 39. Qxe7 Rd2 40. Qe1 Qf2 41. Qe8+ Kg7 42. Qe7+ Kg8 43. Qe4 Kg7 44. Qe7+ Kg8 45. Qe8+ 1/2-1/2

[Event "Ghent op 43rd"]
[Site "Ghent"]
[Date "2022.07.20"]
[Round "1"]
[White "Hesselink, Rutger"]
[Black "Van den Doel, Erik"]
[Result "0-1"]
[WhiteElo "1811"]
[BlackElo "2589"]
[PlyCount "82"]
[EventDate "2022.07.20"]
[EventType "swiss"]
[EventRounds "9"]
[EventCountry "BEL"]
[SourceTitle "CBM 209 Extra"]
[Source "ChessBase"]
[SourceDate "2022.09.30"]
[SourceVersion "1"]
[SourceVersionDate "2022.09.30"]
[SourceQuality "1"]

1. e4 g6 2. d4 Bg7 3. Nf3 d6 4. Bc4 Nf6 5. Nc3 0-0 6. Be3 Nxe4 7. Nxe4 d5 8. Bd3 dxe4 9. Bxe4 c5 10. c3 Nd7 11. dxc5 Qc7 12. c6 bxc6 13. 0-0 Rb8 14. b3 Nf6 15. Bd3 Nd5 16. Bd2 Nxc3 17. Qc2 Nd5 18. Rac1 Bd7 19. Rfe1 Qd6 20. Ng5 Nb4 21. Bxb4 Rxb4 22. Ne4 Qc7 23. Nc5 Bc8 24. Be4 Rd8 25. Rcd1 Rbd4 26. Bf3 Qa5 27. g3 Rxd1 28. Rxd1 Rxd1+ 29. Qxd1 Bf5 30. Na4 c5 31. Kg2 Bd4 32. Qe2 e5 33. Bd5 Kg7 34. a3 h5 35. h3 Qd8 36. Qf3 Qd7 37. Bc4 Bxh3+ 38. Kh2 Bg4 39. Qe4 Qe7 40. f3 Bf5 41. Qc6 Qg5 0-1

[Event "Ghent op 43rd"]
[Site "Ghent"]
[Date "2022.07.20"]
[Round "2"]
[White "Van den Doel, Erik"]
[Black "Moerman, Thomas"]
[Result "1-0"]
[WhiteElo "2589"]
[BlackElo "2026"]
[PlyCount "89"]
[EventDate "2022.07.20"]
[EventType "swiss"]
[EventRounds "9"]
[EventCountry "BEL"]
[SourceTitle "CBM 209 Extra"]
[Source "ChessBase"]
[SourceDate "2022.09.30"]
[SourceVersion "1"]
[SourceVersionDate "2022.09.30"]
[SourceQuality "1"]

1. Nf3 Nf6 2. g3 e6 3. Bg2 d5 4. 0-0 Be7 5. b3 c5 6. Bb2 0-0 7. c4 d4 8. e3 Nc6 9. exd4 cxd4 10. Re1 d3 11. a3 a5 12. Nc3 Bc5 13. Na4 Ba7 14. c5 Nd7 15. Rc1 Qe7 16. Nd4 Nxd4 17. Bxd4 Rd8 18. Rc4 Nb8 19. Be4 Nc6 20. Bc3 f6 21. b4 axb4 22. axb4 e5 23. b5 Be6 24. Bxh7+ Kxh7 25. Rh4+ Kg8 26. bxc6 bxc6 27. Qh5 Rab8 28. Ba5 Rd5 29. Bb6 Kf8 30. Nc3 Rd7 31. Bxa7 Rxa7 32. Qf3 Qxc5 33. Rh8+ Bg8 34. Qxd3 Qd4 35. Qh7 Kf7 36. Qh5+ Kf8 37. Qh7 Kf7 38. Qc2 Rab7 39. Ne4 Qd5 40. Nc3 Qd4 41. Qa2+ Kg6 42. Rxg8 Rxg8 43. Qxg8 Qxd2 44. Qe8+ Rf7 45. Re3 1-0

[Event "BL2-Sued 2122"]
[Site "Germany"]
[Date "2022.06.18"]
[Round "7.2"]
[White "Macovei, Andrei"]
[Black "Van den Doel, Erik"]
[Result "1/2-1/2"]
[WhiteElo "2453"]
[BlackElo "2587"]
[PlyCount "159"]
[EventDate "2022.03.05"]
[EventType "team-tourn"]
[EventRounds "10"]
[EventCountry "GER"]
[SourceTitle "EXT 2023"]
[Source "ChessBase"]
[SourceDate "2022.10.05"]
[SourceVersion "1"]
[SourceVersionDate "2022.10.05"]
[SourceQuality "1"]
[WhiteTeam "Stuttgart"]
[BlackTeam "Oetigheim"]
[WhiteTeamCountry "GER"]
[BlackTeamCountry "GER"]

1. e4 e5 2. Nf3 Nc6 3. Bc4 Nf6 4. d3 Bc5 5. c3 0-0 6. 0-0 d6 7. h3 h6 8. Re1 a6 9. a4 Re8 10. Nbd2 Ba7 11. b4 Be6 12. Bxe6 Rxe6 13. Bb2 Ne7 14. Nf1 Ng6 15. c4 Nh7 16. Bc1 Nh4 17. Nxh4 Qxh4 18. Be3 Bxe3 19. Nxe3 Qd8 20. a5 Rg6 21. Rf1 Ng5 22. Kh2 Ne6 23. g3 c6 24. Qh5 Rg5 25. Qe2 Nd4 26. Qd1 Rg6 27. Ra2 Qe7 28. f4 exf4 29. Rxf4 Rf6 30. Raf2 Rxf4 31. Rxf4 Re8 32. Qa1 Qe5 33. Qf1 h5 34. Kg2 Re7 35. Rf2 g6 36. Qa1 f5 37. Rf4 Ne6 38. Qxe5 dxe5 39. Rf1 f4 40. Nc2 Rd7 41. Rd1 g5 42. Kf3 fxg3 43. Kxg3 Nf4 44. Ne1 Kf7 45. b5 cxb5 46. cxb5 Ne2+ 47. Kg2 Nc3 48. Rc1 Nxb5 49. Nf3 Kf6 50. Rc5 Rxd3 51. Nxe5 Rd2+ 52. Kf3 Nd6 53. Nd7+ Ke6 54. Nf8+ Ke7 55. Nh7 Rd3+ 56. Ke2 Rxh3 57. Nxg5 Ra3 58. Nf3 Ra4 59. Rxh5 Rxe4+ 60. Kd3 Ra4 61. Nd4 Ra3+ 62. Kc2 Kd7 63. Rh7+ Kc8 64. Rh8+ Kc7 65. Rh7+ Kb8 66. Rh8+ Nc8 67. Rh5 Re3 68. Kd2 Re8 69. Kd3 Nd6 70. Rh6 Nf7 71. Rh5 Ne5+ 72. Kc3 Rc8+ 73. Kb4 Rc4+ 74. Kb3 Rc5 75. Ka4 Rc4+ 76. Kb3 Rxd4 77. Rxe5 Kc7 78. Kc3 Rh4 79. Rg5 Kc6 80. Rg6+ 1/2-1/2